<?xml version="1.0" encoding="UTF-8"?><?xml-stylesheet type="text/xsl" href="static/style.xsl"?><OAI-PMH xmlns="http://www.openarchives.org/OAI/2.0/" xmlns:xsi="http://www.w3.org/2001/XMLSchema-instance" xsi:schemaLocation="http://www.openarchives.org/OAI/2.0/ http://www.openarchives.org/OAI/2.0/OAI-PMH.xsd"><responseDate>2026-04-14T07:48:21Z</responseDate><request verb="GetRecord" identifier="oai:www.recercat.cat:10230/46195" metadataPrefix="marc">https://recercat.cat/oai/request</request><GetRecord><record><header><identifier>oai:recercat.cat:10230/46195</identifier><datestamp>2025-12-21T18:00:23Z</datestamp><setSpec>com_2072_6</setSpec><setSpec>col_2072_452952</setSpec></header><metadata><record xmlns="http://www.loc.gov/MARC21/slim" xmlns:dcterms="http://purl.org/dc/terms/" xmlns:xsi="http://www.w3.org/2001/XMLSchema-instance" xmlns:doc="http://www.lyncode.com/xoai" xsi:schemaLocation="http://www.loc.gov/MARC21/slim http://www.loc.gov/standards/marcxml/schema/MARC21slim.xsd">
   <leader>00925njm 22002777a 4500</leader>
   <datafield ind2=" " ind1=" " tag="042">
      <subfield code="a">dc</subfield>
   </datafield>
   <datafield ind2=" " ind1=" " tag="720">
      <subfield code="a">Torres Rivera, Andrés</subfield>
      <subfield code="e">author</subfield>
   </datafield>
   <datafield ind2=" " ind1=" " tag="720">
      <subfield code="a">Estopà, Rosa</subfield>
      <subfield code="e">author</subfield>
   </datafield>
   <datafield ind2=" " ind1=" " tag="720">
      <subfield code="a">Torres Moreno, Juan Manuel</subfield>
      <subfield code="e">author</subfield>
   </datafield>
   <datafield ind2=" " ind1=" " tag="260">
      <subfield code="c">2021-01-15T11:32:21Z</subfield>
   </datafield>
   <datafield ind2=" " ind1=" " tag="260">
      <subfield code="c">2021-01-15T11:32:21Z</subfield>
   </datafield>
   <datafield ind2=" " ind1=" " tag="260">
      <subfield code="c">2020</subfield>
   </datafield>
   <datafield ind2=" " ind1=" " tag="520">
      <subfield code="a">En este artículo se presenta un acercamiento metodológico para la detección y extracción de neologismos semánticos mediante el sistema DENISE, creado para desarrollar estos dos procesos. Concretamente el sistema analiza aquellos neologismos que tienen su origen como unidades de conocimiento especializado en el campo de la informática y que posteriormente se introducen en la lengua general (en este caso: español y francés) con un nuevo significado distinto &#xd;
a los ya registrados en diccionarios de referencia. Para este fin, se expone la metodología empleada en este estudio y una comparativa de las distintas medidas de distancia que fueron evaluadas. Finalmente, se presentan los resultados obtenidos a partir de las pruebas realizadas con el coeficiente de correlación de Pearson y el coeficiente kappa de Cohen.</subfield>
   </datafield>
   <datafield ind2=" " ind1=" " tag="520">
      <subfield code="a">This article presents a methodological approach for the detection and extraction of semantic neologisms through the DENISE system, created to carry out these two processes. Specifically, the system analyzes those neologisms that have their origin as units of specialized knowledge in the field of information technology and that are subsequently introduced into the general language (in this case: Spanish and French) with a new word meaning different from those already registered in the reference dictionaries. For this purpose, the methodology used in this study and a comparison of the different distance measures that were evaluated are explained. Finally, the results obtained from the tests carried out with the Pearson correlation coefficient and Cohen&amp;apos;s kappa coefficient are presented.</subfield>
   </datafield>
   <datafield tag="653" ind2=" " ind1=" ">
      <subfield code="a">Procesamiento del lenguaje natural</subfield>
   </datafield>
   <datafield tag="653" ind2=" " ind1=" ">
      <subfield code="a">Neología semántica</subfield>
   </datafield>
   <datafield tag="653" ind2=" " ind1=" ">
      <subfield code="a">Terminología</subfield>
   </datafield>
   <datafield tag="653" ind2=" " ind1=" ">
      <subfield code="a">Minería de texto</subfield>
   </datafield>
   <datafield tag="653" ind2=" " ind1=" ">
      <subfield code="a">Aprendizaje automático</subfield>
   </datafield>
   <datafield tag="653" ind2=" " ind1=" ">
      <subfield code="a">Lenguas romances</subfield>
   </datafield>
   <datafield tag="653" ind2=" " ind1=" ">
      <subfield code="a">Natural language processing</subfield>
   </datafield>
   <datafield tag="653" ind2=" " ind1=" ">
      <subfield code="a">Semantic neology</subfield>
   </datafield>
   <datafield tag="653" ind2=" " ind1=" ">
      <subfield code="a">Terminology</subfield>
   </datafield>
   <datafield tag="653" ind2=" " ind1=" ">
      <subfield code="a">Text mining</subfield>
   </datafield>
   <datafield tag="653" ind2=" " ind1=" ">
      <subfield code="a">Machine learning</subfield>
   </datafield>
   <datafield tag="653" ind2=" " ind1=" ">
      <subfield code="a">Romance languages</subfield>
   </datafield>
   <datafield ind2="0" ind1="0" tag="245">
      <subfield code="a">Detección de neologismos semánticos: una aproximación estadística y de aprendizaje automático que combina corpus generales y especializados</subfield>
   </datafield>
</record></metadata></record></GetRecord></OAI-PMH>